000 00528nam a2200157 a 4500
001 000016912
005 20200929165001.0
008 100312s1999 dr a r 000 0 spa d
040 _aDO-SdBNP
_bspa
_cBNPHU
082 _axxx
_bE92s
245 0 0 _aEvaluación sobre el uso e impacto de los libros de texto.
260 _aSanto Domingo :
_bCentenario
_bSecretaría de Estado de Educación y Cultura,
_c1999.
300 _a217 p. :
_bil. ;
_c23 cm.
500 _aIncluye índice de cuadros y gráficos
590 _aInventariado,2018/DG
999 _c16444
_d16444